| 000 | 00724nab a2200193Ia 4500 | ||
|---|---|---|---|
| 003 | ES-SlBCS | ||
| 005 | 20210601144353.0 | ||
| 008 | 140529s1999 xxu||||| |||| 00| 0 spa d | ||
| 041 | _aspa | ||
| 100 | 1 |
_aMavares, Ángel _9299403 |
|
| 245 | 0 | 0 |
_aEl capital humano, el capital social y su importancia para el desarrollo económico _c Ángel Mavares, Miguel Díaz Díaz, Freddy Colina, Diego Lombardi, Juan Carlos Prieto |
| 650 | 0 | 4 |
_aCapital Humano _9139393 |
| 700 | 1 |
_aColina, Freddy _9299404 |
|
| 700 | 1 |
_aLombardi, Diego _9299405 |
|
| 700 | 1 |
_aPrieto, Juan Carlos _9299406 |
|
| 773 | 0 |
_tRevista de Ciencias Sociales _gvol. 5, nº. 2, 1999, págs. 129-138 _wRev678 |
|
| 700 | 1 |
_aDíaz Díaz, Miguel _9299407 |
|
| 942 | _cAR | ||
| 999 |
_c707588 _d707588 |
||